Krsna yajurvediya svetasvataropanisad with sanskarabhasya and several other comms (Record no. 429613)

MARC details
000 -LEADER
fixed length control field 00667nam a2200241Ia 4500
003 - CONTROL NUMBER IDENTIFIER
control field OSt
005 - DATE AND TIME OF LATEST TRANSACTION
control field 20220924132219.0
008 - FIXED-LENGTH DATA ELEMENTS--GENERAL INFORMATION
fixed length control field 220923b |||||||| |||| 00| 0 san d
037 ## - SOURCE OF ACQUISITION
Terms of availability Textual
040 ## - CATALOGING SOURCE
Original cataloging agency ARTS
Transcribing agency ARTS
Language of cataloging san
041 ## - LANGUAGE CODE
Source of code san
Language code of text/sound track or separate title san
100 ## - MAIN ENTRY--PERSONAL NAME
Personal name Svetasvatara
9 (RLIN) 203944
245 #0 - TITLE STATEMENT
Title Krsna yajurvediya svetasvataropanisad with sanskarabhasya and several other comms
260 ## - PUBLICATION, DISTRIBUTION, ETC.
Date of publication, distribution, etc. 1927
490 ## - SERIES STATEMENT
Series statement Anandasrama sanskrit series; 17
650 ## - SUBJECT ADDED ENTRY--TOPICAL TERM
Topical term or geographic name entry element RELIGION
942 ## - ADDED ENTRY ELEMENTS (KOHA)
Classification part Q125:26, 15F7
Koha item type Textual
Source of classification or shelving scheme Colon Classification (CC)
Holdings
Withdrawn status Lost status Damaged status Not for loan Home library Current library Date acquired Total Checkouts Full call number Barcode Date last seen Price effective from Koha item type
        Arts Library Arts Library 2022-09-24   Q125:26 15F7 AL0082261 2022-09-24 2022-09-24 Textual
Copyright @ Delhi University Library System